000 00534nam a22001817a 4500
005 20170706123919.0
010 _aENG-119117
020 _a8190157788
_c450.00
035 _aEN-102649
037 _bDBAD/PUB
082 _a158.1
100 _aSatya prakash
245 _a8 Secrets of happy life /
_cby Satya prakash
260 _bMetro publishing company
_c2016
_aDelhi
270 _a1/2, gali no. 5 vishwas nagar shadhara
_bDelhi
_e110032
300 _a223.p. :
_c22cm(Hb)
_bill.
942 _2ddc
_cEN
_h158.1
_mSAT
999 _c142321
_d142321